000
00304nam a22001217a 4500
008
160613b xxu||||| |||| 00| 0 eng d
020
_a
9780763756505
020
_a
9780763756505
041
_a
eng
080
_a
618.2
245
_a
Cultural competnies for nursing:
_c
linda Dayer Berenson;
942
_2
udc
_c
BK
999
_c
2490
_d
2490